Egy besenyő Párizsban
Elmentve itt :
| Szerző: | |
|---|---|
| Adatforrás: | Meister |
| Forrásdokumentuma: | A Hét. - 33 sz., 1997, 7 p. |
| Nyelv: | magyar |
| Kulcsszavak: | művelődéstörténet irodalomtörténet sajtó magyar-román kapcsolatok TEPENEAG Dumitru Cahiers de lÍEst |
| LEADER | 00481nab a2200181 i 4500 | ||
|---|---|---|---|
| 001 | bibPRO00007171 | ||
| 008 | 060524s1997 xx hun | ||
| 040 | |a Sz1 | ||
| 041 | |a hun | ||
| 100 | 1 | |a FARKAS Jenő | |
| 245 | 1 | 4 | |a Egy besenyő Párizsban |c FARKAS Jenő |
| 695 | |a művelődéstörténet | ||
| 695 | |a irodalomtörténet | ||
| 695 | |a sajtó | ||
| 695 | |a magyar-román kapcsolatok | ||
| 695 | |a TEPENEAG Dumitru | ||
| 695 | |a Cahiers de lÍEst | ||
| 773 | 0 | |t A Hét. - |g 33 sz., 1997, 7 p. | |